000 01066nam a2200229 a 4500
001 BRL_1968
005 20190320211444.0
008 010917s2015----mx-a######---#000-0#spa-#
020 _a9786077612957
041 _aspa
044 _amx
050 4 _aNK7198
_b.A78 2015
245 1 0 _aArtificios
_bplata y diseño en México, 1880-2015.
260 _aMéxico
_bFomento Cultural Banamex
_c2015
300 _a430 p.
_bil. a color
_c32 cm.
_ecuadernillo con la lista de obra
500 _aIncluye notas biográficas y lista de ilustraciones
500 _aIncluye piezas de la colección Ruth D. Lechuga : p. 23, 25, 26 y 31
500 _aCatálogo de la exposición realizada en el Palacio de Iturbide. Palacio de Cultura Banamex (Ciudad de México), 29 noviembre, 2012-26 mayo, 2013, en el Museo Amparo (Puebla, Pue.), 14 diciembre, 2013-17 febrero, 2014 y en el Centro de las Artes de San Agustín (Etla, Oaxaca), 22 marzo-15 junio, 2014
504 _aBibliografía : p. 417-420
650 1 4 _aTrabajos en plata
_zMéxico
_92771
650 1 4 _aPlatería
_zMéxico
_93073
999 _c10775
_d10775